[Event "Open Aubagne"]
[Site "Aubagne"]
[Date "2023.09.30"]
[Round "1.1"]
[White "Battaglia, Gerard"]
[Black "Moerenhout, Jean Claude"]
[Result "1-0"]
[WhiteElo "1605"]
[BlackElo "1276"]
[PlyCount "79"]
[WhiteTeam "Ech. Marseillais 1872"]
[BlackTeam "C.E. Aubagnais"]

1. d4 Nf6 2. c4 e6 3. Nf3 d5 4. e3 c5 5. Nc3 cxd4 6. exd4 Nc6 7. Be3 Bb4 8. a3
Bxc3+ 9. bxc3 O-O 10. Qc2 Re8 11. Rd1 e5 12. Be2 e4 13. Nd2 Bg4 14. Bxg4 Nxg4
15. O-O Qh4 16. h3 Nf6 17. cxd5 Nxd5 18. c4 Nf6 19. c5 Rac8 20. Nc4 Red8 21.
Nd6 Rc7 22. Rb1 Nxd4 23. Bxd4 Rxd6 24. Be5 Rdc6 25. Bxc7 Rxc7 26. c6 b6 27.
Rbd1 h6 28. Rd8+ Kh7 29. Rd4 Qg5 30. Re1 Qc5 31. Rc4 Qxa3 32. f3 Qa5 33. Rf1
Qd5 34. fxe4 Nxe4 35. Qxe4+ Qxe4 36. Rxe4 Rxc6 37. Rxf7 a5 38. Rg4 Rg6 39. Rxg6
Kxg6 40. Rb7 1-0

[Event "Open Aubagne"]
[Site "Aubagne"]
[Date "2023.09.30"]
[Round "1.2"]
[White "Roux, Jean-Marie"]
[Black "Mouhieddine, Hocine"]
[Result "0-1"]
[WhiteElo "1261"]
[BlackElo "1602"]
[PlyCount "118"]
[WhiteTeam "Ech. du Roy Rene"]
[BlackTeam "Ech. Marseillais 1872"]

1. e4 c6 2. Nf3 d5 3. e5 Bg4 4. d3 e6 5. Nc3 Nd7 6. Bf4 Qa5 7. d4 a6 8. Bd3 c5
9. dxc5 d4 10. h3 Bxf3 11. Qxf3 dxc3 12. b3 Rb8 13. c6 Nxe5 14. Qg3 f6 15. cxb7
Rxb7 16. O-O Kf7 17. a4 Ne7 18. Rad1 N7g6 19. Bxg6+ Nxg6 20. Be3 Be7 21. Rfe1
Rbb8 22. Bd4 Rbc8 23. Qg4 e5 24. Be3 Rcd8 25. Qc4+ Kf8 26. Rxd8+ Qxd8 27. Qxc3
Qd6 28. Qc8+ Kf7 29. Qc4+ Qe6 30. Qe4 Rd8 31. h4 f5 32. Qf3 Nxh4 33. Qh5+ Qg6
34. Qxg6+ Nxg6 35. c4 Rd3 36. Rb1 Bb4 37. g3 Ne7 38. Kg2 Nc6 39. Kh3 f4 40. Bb6
fxg3 41. fxg3 e4 42. Rf1+ Ke7 43. Rb1 e3 44. Rb2 Rd2 45. Rb1 e2 46. Bf2 Rd1 47.
Rb2 e1=Q 48. Bxe1 Rxe1 49. Kg4 Ne5+ 50. Kf5 Rf1+ 51. Ke4 Nf3 52. Kd5 Re1 53. c5
Re5+ 54. Kc4 a5 55. Kb5 Rxc5+ 56. Kb6 Kd7 57. Rf2 Ne5 58. Rf5 Nc4+ 59. bxc4
Rxf5 0-1

[Event "Open Aubagne"]
[Site "Aubagne"]
[Date "2023.09.30"]
[Round "1.3"]
[White "Evrard, Nicolas"]
[Black "Touaoula, Rachid"]
[Result "1-0"]
[WhiteElo "1238"]
[BlackElo "1503"]
[PlyCount "87"]
[WhiteTeam "Salon Nostradamus"]
[BlackTeam "Ech. Marseillais 1872"]

1. d4 d5 2. c4 c6 3. Nc3 Nf6 4. Bg5 Ne4 5. Nxe4 dxe4 6. Be3 Bf5 7. g3 Nd7 8.
Qb3 Qb6 9. Qc3 e6 10. c5 Qd8 11. f3 Be7 12. Bg2 Nf6 13. h4 h5 14. Qd2 Qd7 15.
Nh3 Rd8 16. O-O-O Qc8 17. Qa5 a6 18. Nf2 exf3 19. exf3 Rd7 20. Rhe1 Bd8 21. Qd2
b6 22. Qc2 Nd5 23. Qb3 bxc5 24. dxc5 Rb7 25. Qa3 O-O 26. Ne4 Bxe4 27. fxe4 Nxe3
28. Qxe3 Rb5 29. Re2 Be7 30. Rc2 Qb7 31. Rdd2 Qc7 32. e5 Qa5 33. Rd6 Qxa2 34.
Qa3 Qxa3 35. bxa3 Bxd6 36. exd6 Rfb8 37. Bxc6 Ra5 38. a4 Kf8 39. Bf3 Ke8 40. c6
Rxa4 41. c7 Ra1+ 42. Kd2 Rc8 43. Bc6+ Kf8 44. d7 1-0

[Event "Open Aubagne"]
[Site "Aubagne"]
[Date "2023.09.30"]
[Round "1.4"]
[White "Gomez, Guy"]
[Black "Normand, Christophe"]
[Result "1-0"]
[WhiteElo "1491"]
[BlackElo "1236"]
[PlyCount "147"]
[WhiteTeam "C.E. Aubagnais"]
[BlackTeam "C.E. Pennois"]

1. e4 e5 2. Nf3 d6 3. Bc4 Be7 4. O-O Nf6 5. Re1 Bg4 6. d3 Nc6 7. c3 O-O 8. Nbd2
Na5 9. h3 Bh5 10. b4 Nxc4 11. Nxc4 c6 12. Ncd2 Qc7 13. Qb3 h6 14. d4 exd4 15.
cxd4 Bg6 16. Nh4 Bh7 17. Ba3 Rad8 18. Qf3 d5 19. Nf5 Bxf5 20. Qxf5 dxe4 21.
Nxe4 Nxe4 22. Rxe4 Rd5 23. Qg4 f5 24. Qf4 Bd6 25. Re5 Bxe5 26. dxe5 Qxe5 27.
Qxe5 Rxe5 28. Bb2 Re2 29. Bd4 a6 30. a4 Rfe8 31. Kf1 Rc2 32. a5 Ree2 33. Bc5
Re4 34. Rd1 Kh7 35. g3 h5 36. Rd7 Rc1+ 37. Kg2 Rxc5 38. bxc5 Rb4 39. Kf3 Rb5
40. Kf4 Rxc5 41. Rxb7 Rxa5 42. Rb6 c5 43. Rc6 g6 44. Kg5 f4 45. Rc7+ Kg8 46.
Kxg6 Kf8 47. Kxh5 c4+ 48. Kg4 Ra4 49. gxf4 Rb4 50. Rc5 Ke7 51. h4 Kd6 52. Ra5
Rb6 53. h5 c3 54. Ra1 Ke7 55. Kg5 Kf7 56. h6 Rg6+ 57. Kh5 Rg2 58. Rxa6 Rh2+ 59.
Kg5 c2 60. Rc6 Rg2+ 61. Kf5 Rxf2 62. h7 Kg7 63. Rc7+ Kh8 64. Kg5 Rg2+ 65. Kf6
c1=Q 66. Rxc1 Kxh7 67. Rc7+ Kh6 68. f5 Rg8 69. Rc6 Rf8+ 70. Ke7+ Kg7 71. Rg6+
Kh8 72. Kxf8 Kh7 73. Kf7 Kh8 74. Rh6# 1-0

[Event "Open Aubagne"]
[Site "Aubagne"]
[Date "2023.09.30"]
[Round "1.5"]
[White "Autouard, Jean-Luc"]
[Black "Gamblin, Vincent"]
[Result "0-1"]
[WhiteElo "1235"]
[BlackElo "1479"]
[PlyCount "78"]
[WhiteTeam "C.E. Aubagnais"]
[BlackTeam "Ech. du Roy Rene"]

1. e4 c5 2. f4 e6 3. Nf3 Nc6 4. Bc4 d5 5. exd5 exd5 6. Bb5 Nge7 7. O-O a6 8.
Bxc6+ bxc6 9. Qe1 f6 10. d4 c4 11. Nc3 Bf5 12. Qe2 Kf7 13. Na4 Ng6 14. Nc5 Bxc5
15. dxc5 Qa5 16. Qf2 Rhe8 17. Nd4 Bd7 18. f5 Ne5 19. Ne2 Ng4 20. Qf3 Qxc5+ 21.
Kh1 Ne3 22. Qf2 Bxf5 23. Ng3 Bxc2 24. Bxe3 Qxe3 25. Qxc2 Kg8 26. Qd1 Rad8 27.
Nf5 Qe2 28. Qc1 d4 29. Qf4 Qe5 30. Qg4 g6 31. h4 Kf8 32. Ng3 d3 33. Rfe1 Qxe1+
34. Rxe1 Rxe1+ 35. Kh2 d2 36. Qxc4 d1=Q 37. Qc5+ Qd6 38. Qc4 Re3 39. Qg4 Qxg3+
0-1

[Event "Open Aubagne"]
[Site "Aubagne"]
[Date "2023.09.30"]
[Round "1.6"]
[White "Madi, Chahinez"]
[Black "Belaid, Myriam"]
[Result "1-0"]
[WhiteElo "1462"]
[BlackElo "1199"]
[PlyCount "27"]
[WhiteTeam "C.E. Aubagnais"]
[BlackTeam "C.E. Aubagnais"]

1. e4 c5 2. Nf3 d6 3. d4 cxd4 4. Nxd4 Nf6 5. Nc3 e5 6. Nf3 Bd7 7. Bc4 b5 8.
Nxb5 Nxe4 9. Qd5 Be6 10. Qxe4 d5 11. Qxe5 dxc4 12. Nc7+ Ke7 13. Bg5+ f6 14.
Qxe6# 1-0

[Event "Open Aubagne"]
[Site "Aubagne"]
[Date "2023.09.30"]
[Round "1.7"]
[White "Guelai, Belkacem"]
[Black "Vrillet, Sylvain"]
[Result "0-1"]
[WhiteElo "1199"]
[BlackElo "1460"]
[PlyCount "90"]
[WhiteTeam "C.E. Aubagnais"]
[BlackTeam "C.E. Aubagnais"]

1. e4 c5 2. Nc3 Nc6 3. Bc4 g6 4. Nf3 Bg7 5. d3 d6 6. Ng5 e6 7. Qf3 Nf6 8. Be3
O-O 9. O-O-O e5 10. Nd5 a6 11. h4 h6 12. Qg3 Nh5 13. Qf3 b5 14. Bb3 Na5 15. Nh3
Nxb3+ 16. cxb3 Qxh4 17. g3 Bg4 18. Ne7+ Kh7 19. Qg2 Qxe7 20. Rd2 Rac8 21. f3
Be6 22. g4 Nf6 23. Ng5+ Kg8 24. Nxe6 Qxe6 25. g5 hxg5 26. Bxg5 c4 27. Bxf6
cxb3+ 28. Kb1 bxa2+ 29. Ka1 Bxf6 30. Qh2 Rfd8 31. Qh7+ Kf8 32. Qh6+ Ke7 33. Qe3
Rc7 34. Qb6 Rdc8 35. Rdd1 Rc6 36. Qa7+ R8c7 37. Qa8 b4 38. Qb8 Qb3 39. Rde1 Bg5
40. f4 Bxf4 41. Qh8 Bc1 42. Re2 Bxb2+ 43. Rxb2 Rc1+ 44. Rxc1 Rxc1+ 45. Rb1
Rxb1# 0-1

[Event "Open Aubagne"]
[Site "Aubagne"]
[Date "2023.09.30"]
[Round "1.8"]
[White "Maggio, Lucas"]
[Black "Peucelle, Richard"]
[Result "1-0"]
[WhiteElo "1437"]
[BlackElo "1199"]
[PlyCount "65"]
[WhiteTeam "C.E. Aubagnais"]
[BlackTeam "C.E. Aubagnais"]

1. c4 Nf6 2. Nc3 e5 3. Nf3 Nc6 4. g3 Bc5 5. Bg2 a6 6. O-O d6 7. d3 O-O 8. Bg5
h6 9. Bxf6 Qxf6 10. Nd5 Qg6 11. Nxc7 Rb8 12. Nd5 Be6 13. a3 Bd4 14. Nxd4 Nxd4
15. Ne7+ Kh7 16. Nxg6 fxg6 17. e3 Nc6 18. b4 Ne7 19. a4 d5 20. cxd5 Nxd5 21. b5
Nc3 22. Qd2 Rfc8 23. Rfc1 e4 24. Rxc3 Rd8 25. Bxe4 Bf7 26. Rc7 Rf8 27. Rxb7
Rbe8 28. bxa6 Kh8 29. Rxf7 Rxf7 30. Bxg6 Kg8 31. Qa2 Re6 32. Qxe6 Kf8 33. Qxf7#
1-0

[Event "Open Aubagne"]
[Site "Aubagne"]
[Date "2023.09.30"]
[Round "1.9"]
[White "Madi, Mohammed"]
[Black "Jardel, Stephane"]
[Result "1-0"]
[WhiteElo "1415"]
[BlackElo "1199"]
[PlyCount "71"]
[WhiteTeam "C.E. Aubagnais"]
[BlackTeam "C.E. Aubagnais"]

1. e4 d5 2. exd5 Qxd5 3. Nc3 Qd6 4. d4 Nc6 5. Be3 Nf6 6. Be2 Bf5 7. Nf3 O-O-O
8. Qd2 e5 9. O-O-O Ne4 10. Nxe4 Bxe4 11. dxe5 Qxd2+ 12. Rxd2 Bxf3 13. Rxd8+
Kxd8 14. Bxf3 Be7 15. Rd1+ Kc8 16. Bxc6 bxc6 17. Rd3 Kb7 18. Rd7 Re8 19. f4 g6
20. g4 c5 21. Rd3 Kc6 22. Rc3 a5 23. Bd2 Rc8 24. Rh3 Rh8 25. Bc3 h6 26. a3 Kb5
27. Rd3 c6 28. Rd7 Re8 29. Ra7 a4 30. Ra5+ Kb6 31. Rxa4 Rd8 32. Ba5+ Kb5 33.
Bxd8 Bxd8 34. Ra7 f5 35. gxf5 gxf5 36. e6 1-0

[Event "Open Aubagne"]
[Site "Aubagne"]
[Date "2023.09.30"]
[Round "1.10"]
[White "Periale, Albert"]
[Black "Hassaine, Rachid"]
[Result "1/2-1/2"]
[WhiteElo "1195"]
[BlackElo "1355"]
[PlyCount "66"]
[WhiteTeam "C.E. Aubagnais"]
[BlackTeam "C.E. Aubagnais"]

1. d4 d5 2. c4 Nf6 3. Nc3 e6 4. cxd5 exd5 5. Bg5 Nc6 6. e3 Be7 7. Nf3 Bf5 8.
Bd3 Bg4 9. O-O Nb4 10. Qa4+ Bd7 11. Qd1 Nxd3 12. Qxd3 c6 13. h3 O-O 14. Rfe1
Ne4 15. Bxe7 Qxe7 16. Qe2 Bf5 17. Nd2 Qg5 18. Kh2 Rae8 19. Nf3 Qg6 20. Nh4 Qd6+
21. Kg1 Bd7 22. Nf3 Qg6 23. Ne5 Qe6 24. Nxd7 Qxd7 25. Nxe4 Rxe4 26. f3 Re6 27.
Qd2 Rfe8 28. Re2 Qe7 29. Rae1 Qg5 30. Qd3 Qg3 31. Kh1 g6 32. f4 Re4 33. Qd2
R8e7 1/2-1/2

[Event "Open Aubagne"]
[Site "Aubagne"]
[Date "2023.09.30"]
[Round "1.11"]
[White "Vrillet, Loan"]
[Black "Leonti, Denis"]
[Result "1-0"]
[WhiteElo "1355"]
[BlackElo "1169"]
[PlyCount "45"]
[WhiteTeam "C.E. Aubagnais"]
[BlackTeam "Hay Chess"]

1. e4 e6 2. d4 d5 3. Nc3 Nf6 4. e5 Nfd7 5. f4 c5 6. Nf3 Nc6 7. Be3 cxd4 8. Nxd4
Nxd4 9. Bxd4 Bc5 10. Nb5 Be7 11. Qg4 O-O 12. Bd3 a6 13. Nc3 f5 14. Qh3 Bc5 15.
Ne2 Qb6 16. c3 Bxd4 17. cxd4 Qb4+ 18. Kf2 Qxb2 19. g4 Qb6 20. gxf5 exf5 21.
Rhg1 Nb8 22. Rab1 Qe6 23. Qg2 1-0

[Event "Open Aubagne"]
[Site "Aubagne"]
[Date "2023.09.30"]
[Round "1.12"]
[White "Belaid, Noa"]
[Black "Madi, Walid"]
[Result "1/2-1/2"]
[WhiteElo "1135"]
[BlackElo "1333"]
[PlyCount "102"]
[WhiteTeam "C.E. Aubagnais"]
[BlackTeam "C.E. Aubagnais"]

1. e4 c5 2. Nf3 d6 3. Bc4 Nf6 4. Nc3 e6 5. O-O a6 6. a3 b5 7. Ba2 b4 8. axb4
cxb4 9. Ne2 Nxe4 10. d3 Nf6 11. Bd2 Nc6 12. Qe1 Rb8 13. Bc4 a5 14. Ned4 Nxd4
15. Nxd4 Bd7 16. Qe2 d5 17. Bb3 Be7 18. Nf3 O-O 19. Ne5 Bb5 20. Qf3 Qc7 21. Bf4
Bd6 22. Rfe1 Ne8 23. Bg3 Ra8 24. Rac1 Ra6 25. Re3 f5 26. Bxd5 Bc5 27. Ng6 Qf7
28. Nxf8 Bxe3 29. Nxe6 Bc6 30. fxe3 Bxd5 31. Qxd5 Qxe6 32. Qxe6+ Rxe6 33. Ra1
Rxe3 34. Rxa5 b3 35. cxb3 Rxd3 36. Rxf5 Rxb3 37. Be5 Rb5 38. g4 g6 39. Rg5 Kf7
40. Bf4 Rxb2 41. h3 Ng7 42. Ra5 Ne6 43. Ra7+ Ke8 44. Bg3 Ng5 45. Ra8+ Kd7 46.
Ra7+ Kc6 47. h4 Nf3+ 48. Kf1 h6 49. Ra6+ Rb6 50. Rxb6+ Kxb6 51. Kf2 Nd4 1/2-1/2

[Event "Open Aubagne"]
[Site "Aubagne"]
[Date "2023.09.30"]
[Round "1.13"]
[White "Periale, Francine"]
[Black "Roganova, Jeremy"]
[Result "0-1"]
[WhiteElo "1199"]
[BlackElo "1328"]
[PlyCount "78"]
[WhiteTeam "C.E. Aubagnais"]
[BlackTeam "C.E. Aubagnais"]

1. d4 Nf6 2. Nf3 g6 3. Bf4 Bg7 4. c3 d6 5. Nbd2 O-O 6. e4 Nbd7 7. Bd3 Re8 8.
O-O e5 9. dxe5 dxe5 10. Bg3 Nc5 11. Re1 Nxd3 12. Re3 Nxb2 13. Qc2 Ng4 14. Re2
Nd3 15. Bh4 Nf6 16. Ne1 Nf4 17. Re3 Qd6 18. Bg3 N4h5 19. Bh4 Rd8 20. Rd1 Bg4
21. f3 Be6 22. Rd3 Qc5+ 23. Bf2 Qb5 24. Rxd8+ Rxd8 25. Be3 Qe2 26. Bg5 Bc4 27.
Nxc4 Qxd1 28. Qxd1 Rxd1 29. Kf1 Nf4 30. Bxf4 exf4 31. e5 Nd7 32. e6 fxe6 33.
Ke2 Rc1 34. Nd3 Rc2+ 35. Kd1 Rxa2 36. Nb4 Rxg2 37. h4 Nc5 38. Nd2 Bxc3 39. Kc2
Bxb4 0-1

[Event "Open Aubagne"]
[Site "Aubagne"]
[Date "2023.09.30"]
[Round "1.14"]
[White "Hovaguimian, Gerard"]
[Black "Boudet, Nicole"]
[Result "1-0"]
[WhiteElo "1325"]
[BlackElo "1075"]
[PlyCount "75"]
[WhiteTeam "Hay Chess"]
[BlackTeam "C.E. Pennois"]

1. d4 Nf6 2. c4 e6 3. Nc3 d5 4. e3 c5 5. Nf3 Nc6 6. cxd5 exd5 7. Be2 Bd6 8.
dxc5 Be5 9. Nxe5 Nxe5 10. h3 O-O 11. O-O Be6 12. Qd4 Nc6 13. Qf4 Qa5 14. Bb5 a6
15. Bxc6 bxc6 16. b4 Qd8 17. Bb2 Nh5 18. Qe5 Nf6 19. Ne2 Rb8 20. a3 a5 21. Bc3
Rb7 22. Nd4 Qc7 23. Nc2 Qxe5 24. Bxe5 Ne4 25. Rfd1 f6 26. Bf4 g5 27. Bh2 f5 28.
Rd3 Rf6 29. f3 Ng3 30. Bxg3 f4 31. Bh2 h5 32. e4 Bd7 33. exd5 cxd5 34. Rxd5 Ba4
35. Rxg5+ Kh7 36. Rxh5+ Kg6 37. Rd5 Bb5 38. Nd4 1-0

[Event "Open Aubagne"]
[Site "Aubagne"]
[Date "2023.09.30"]
[Round "1.15"]
[White "Innocenti, Georges"]
[Black "Cotton, Paul"]
[Result "0-1"]
[WhiteElo "1012"]
[BlackElo "1314"]
[PlyCount "63"]
[WhiteTeam "C.E. Aubagnais"]
[BlackTeam "C.E. Aubagnais"]

1. e4 c5 2. Nf3 d6 3. Bc4 h6 4. Nc3 Nc6 5. Bb5 Bd7 6. Bxc6 Bxc6 7. d4 cxd4 8.
Nxd4 Bd7 9. O-O Nf6 10. f3 g6 11. Be3 Bg7 12. Qd2 a6 13. e5 dxe5 14. Nb3 Rc8
15. Nc5 Rc7 16. Nxd7 Rxd7 17. Qe2 O-O 18. Rad1 b5 19. Rxd7 Qxd7 20. Rd1 Qb7 21.
a3 Rc8 22. Rd3 a5 23. b4 axb4 24. axb4 Kh7 25. Bd2 e6 26. Re3 Nd5 27. Qxb5 Qxb5
28. Nxb5 Nxe3 29. Bxe3 Rxc2 30. Nd6 f5 31. b5 f4 32. Bf2 0-1

[Event "Open Aubagne"]
[Site "Aubagne"]
[Date "2023.09.30"]
[Round "1.16"]
[White "Turpin, Isabelle"]
[Black "Beneddra, Nassim"]
[Result "1-0"]
[WhiteElo "1088"]
[BlackElo "1248"]
[PlyCount "49"]
[WhiteTeam "C.E. Aubagnais"]
[BlackTeam "Ech. Marseillais 1872"]

1. c4 c6 2. Nf3 d5 3. cxd5 cxd5 4. d4 a6 5. Nc3 Nc6 6. g3 Nf6 7. Bg2 e6 8. O-O
Be7 9. Re1 b5 10. a3 Na5 11. Ne5 Bb7 12. b4 Nc6 13. Nxc6 Bxc6 14. Bf4 O-O 15.
Qd3 Qb6 16. e4 dxe4 17. Nxe4 Rfd8 18. Be5 Nxe4 19. Bxe4 Bxe4 20. Qxe4 Rac8 21.
Rad1 Rc4 22. Rd3 h6 23. Qg4 f6 24. Bf4 g5 25. Rxe6 1-0

[Event "Open Aubagne"]
[Site "Aubagne"]
[Date "2023.10.07"]
[Round "2.1"]
[White "Roganova, Jeremy"]
[Black "Battaglia, Gerard"]
[Result "0-1"]
[WhiteElo "1328"]
[BlackElo "1605"]
[PlyCount "54"]
[WhiteTeam "C.E. Aubagnais"]
[BlackTeam "Ech. Marseillais 1872"]

1. e4 e5 2. Nf3 d6 3. d4 exd4 4. Nxd4 Nf6 5. Nc3 Be7 6. Be3 O-O 7. Qd2 a6 8.
Bd3 Nbd7 9. f3 c5 10. Nf5 Ne5 11. Nxe7+ Qxe7 12. Be2 b5 13. Nd5 Nxd5 14. Qxd5
Be6 15. Qd2 Rfd8 16. f4 Ng4 17. Bxg4 Bxg4 18. h3 Bc8 19. O-O Bb7 20. e5 dxe5
21. Qc3 exf4 22. Rxf4 Rac8 23. Rg4 f6 24. Rf1 b4 25. Qc4+ Bd5 26. Qxa6 Qxe3+
27. Kh1 Qxh3+ 0-1

[Event "Open Aubagne"]
[Site "Aubagne"]
[Date "2023.10.07"]
[Round "2.2"]
[White "Mouhieddine, Hocine"]
[Black "Maggio, Lucas"]
[Result "1/2-1/2"]
[WhiteElo "1602"]
[BlackElo "1437"]
[PlyCount "112"]
[WhiteTeam "Ech. Marseillais 1872"]
[BlackTeam "C.E. Aubagnais"]

1. g3 e5 2. c4 Nf6 3. d3 d5 4. cxd5 Nxd5 5. Nf3 Nc6 6. Bg2 Be7 7. a3 O-O 8. O-O
Nb6 9. Nc3 Be6 10. b4 f6 11. Bb2 a5 12. b5 Nd4 13. Nxd4 exd4 14. Na4 Bd5 15.
Nxb6 cxb6 16. Qa4 Bxg2 17. Kxg2 Qd5+ 18. Kg1 Bc5 19. Rfc1 Rac8 20. Qc4 Rfd8 21.
Qxd5+ Rxd5 22. Rc4 Re8 23. Kf1 Re7 24. Rac1 Kf7 25. R1c2 h6 26. a4 Red7 27. Bc1
g5 28. Bd2 Rc7 29. Be1 Kg6 30. f3 Kf7 31. h3 h5 32. g4 h4 33. Bd2 Kg6 34. Kf2
Kf7 35. Bc1 Rcd7 36. Bb2 Kg6 37. Rc1 Kf7 38. Ke1 Bb4+ 39. Kd1 Bc5 40. R1c2 Kg6
41. Bc1 Kf7 42. Bd2 Rc7 43. Be1 Kg6 44. e3 dxe3 45. d4 Rcd7 46. Bc3 Bxd4 47.
Bxd4 Rxd4+ 48. Ke2 Rd2+ 49. Kxe3 Rxc2 50. Rxc2 Kf7 51. Rc4 Kg6 52. Re4 Kf7 53.
f4 Re7 54. fxg5 fxg5 55. Rxe7+ Kxe7 56. Kf3 Kf6 1/2-1/2

[Event "Open Aubagne"]
[Site "Aubagne"]
[Date "2023.10.07"]
[Round "2.3"]
[White "Vrillet, Loan"]
[Black "Gomez, Guy"]
[Result "1-0"]
[WhiteElo "1355"]
[BlackElo "1491"]
[PlyCount "61"]
[WhiteTeam "C.E. Aubagnais"]
[BlackTeam "C.E. Aubagnais"]

1. e4 e5 2. Nf3 d6 3. d4 exd4 4. Nxd4 g6 5. Nc3 Bg7 6. Be3 a6 7. Bc4 Nf6 8. Qd2
O-O 9. f3 Bd7 10. h4 h5 11. Bg5 Qe8 12. Nde2 Nc6 13. Bxf6 Bxf6 14. Nd5 Qd8 15.
O-O-O Bxh4 16. Qc3 Ne5 17. f4 Nxc4 18. Rxh4 f5 19. Qxc4 Bb5 20. Ne7+ Kh7 21.
Qe6 Qe8 22. Ng3 Bd7 23. Nxh5 Bxe6 24. Nf6+ Kg7 25. Nxe8+ Raxe8 26. Rdh1 fxe4
27. Rh7+ Kf6 28. g4 Rf7 29. Rxf7+ Kxf7 30. Rh7+ Kf6 31. g5# 1-0

[Event "Open Aubagne"]
[Site "Aubagne"]
[Date "2023.10.07"]
[Round "2.4"]
[White "Gamblin, Vincent"]
[Black "Hovaguimian, Gerard"]
[Result "1-0"]
[WhiteElo "1479"]
[BlackElo "1325"]
[PlyCount "69"]
[WhiteTeam "Ech. du Roy Rene"]
[BlackTeam "Hay Chess"]

1. e4 c5 2. Nf3 d6 3. d4 cxd4 4. Nxd4 Nf6 5. Nc3 a6 6. Bg5 e6 7. Be2 Be7 8. Qd2
Nc6 9. O-O Nd7 10. Bxe7 Qxe7 11. Rad1 Nce5 12. f4 Ng6 13. f5 Nge5 14. fxe6 fxe6
15. Nf3 Nf6 16. Qxd6 Qxd6 17. Rxd6 Nf7 18. Rb6 Ke7 19. h4 Rd8 20. Rd1 Nd7 21.
Rb4 b6 22. Nd4 Bb7 23. Bg4 e5 24. Ne6 Nh6 25. Nxd8 Rxd8 26. Bxd7 Rxd7 27. Rxd7+
Kxd7 28. Rxb6 Bc8 29. Nd5 Nf7 30. Kf2 Nd6 31. Rb4 Ke6 32. Kf3 Bb7 33. c4 Kd7
34. b3 Nc8 35. Rxb7+ 1-0

[Event "Open Aubagne"]
[Site "Aubagne"]
[Date "2023.10.07"]
[Round "2.5"]
[White "Cotton, Paul"]
[Black "Madi, Chahinez"]
[Result "0-1"]
[WhiteElo "1314"]
[BlackElo "1462"]
[PlyCount "92"]
[WhiteTeam "C.E. Aubagnais"]
[BlackTeam "C.E. Aubagnais"]

1. c4 Nf6 2. Nf3 g6 3. g3 Bg7 4. Bg2 d6 5. O-O O-O 6. Nc3 Nbd7 7. d3 e5 8. b3
e4 9. Nd2 exd3 10. exd3 Ne5 11. Qc2 Bf5 12. Nde4 Nxd3 13. Nxf6+ Qxf6 14. Bd2
Ne1 15. Qd1 Nxg2 16. Kxg2 Rfe8 17. Rc1 Qe6 18. Kg1 Bg4 19. Qc2 Bh3 20. Rfe1 Qf6
21. Qd3 Re5 22. Ne4 Qf5 23. Bc3 Re7 24. Bxg7 Kxg7 25. Qd4+ Qe5 26. Qxe5+ Rxe5
27. f4 Re7 28. Ng5 Be6 29. Nxe6+ Rxe6 30. Rxe6 fxe6 31. Re1 Kf6 32. Kf2 Re8 33.
Kf3 e5 34. fxe5+ Rxe5 35. Rxe5 Kxe5 36. Ke3 c6 37. Kd3 g5 38. h3 h5 39. Ke3 d5
40. cxd5 cxd5 41. Kd3 d4 42. Kd2 Ke4 43. Ke2 g4 44. hxg4 hxg4 45. Kf2 Kd3 46.
Ke1 Kc2 0-1

[Event "Open Aubagne"]
[Site "Aubagne"]
[Date "2023.10.07"]
[Round "2.7"]
[White "Turpin, Isabelle"]
[Black "Madi, Mohammed"]
[Result "0-1"]
[WhiteElo "1088"]
[BlackElo "1415"]
[PlyCount "60"]
[WhiteTeam "C.E. Aubagnais"]
[BlackTeam "C.E. Aubagnais"]

1. e4 c5 2. c3 d5 3. Qc2 dxe4 4. Qxe4 Nf6 5. Qf3 Nc6 6. Bc4 Bg4 7. Qe3 e6 8. h3
Bf5 9. g4 Bg6 10. Nf3 Bd6 11. d4 cxd4 12. cxd4 Nb4 13. Bb3 Nd3+ 14. Ke2 Bf4 15.
Ba4+ Nd7 16. Ne5 Bxe3 17. Bxd7+ Ke7 18. Bxe3 Nxe5 19. dxe5 Qxd7 20. Bc5+ Ke8
21. Nc3 Rc8 22. Rhd1 Qc6 23. Rd6 Qxc5 24. Rad1 Qxe5+ 25. Kf1 h5 26. g5 Qxg5 27.
Rd7 Rxc3 28. bxc3 Qb5+ 29. Kg1 Qxd7 30. Rxd7 Kxd7 0-1

[Event "Open Aubagne"]
[Site "Aubagne"]
[Date "2023.10.07"]
[Round "2.8"]
[White "Deregnaucourt, Yves"]
[Black "Periale, Albert"]
[Result "1-0"]
[WhiteElo "1617"]
[BlackElo "1195"]
[PlyCount "46"]
[WhiteTeam "C.E. Aubagnais"]
[BlackTeam "C.E. Aubagnais"]

1. e4 e5 2. Nf3 Nc6 3. Bc4 Bc5 4. c3 Nf6 5. d4 exd4 6. cxd4 Bb4+ 7. Nc3 Nxe4 8.
O-O O-O 9. Nxe4 d5 10. Bd3 dxe4 11. Bxe4 Re8 12. Qd3 Be7 13. Bf4 Bf6 14. Rfd1
Bg4 15. Bxc6 bxc6 16. Rac1 Re6 17. Rd2 Qe7 18. Ne5 Bxe5 19. dxe5 Bh5 20. Qc4
Bg6 21. Qa4 f6 22. Rxc6 Rxc6 23. Qxc6 Be8 1-0

[Event "Open Aubagne"]
[Site "Aubagne"]
[Date "2023.10.07"]
[Round "2.9"]
[White "Hassaine, Rachid"]
[Black "Belaid, Noa"]
[Result "0-1"]
[WhiteElo "1355"]
[BlackElo "1135"]
[PlyCount "76"]
[WhiteTeam "C.E. Aubagnais"]
[BlackTeam "C.E. Aubagnais"]

1. e4 e5 2. Nf3 Nc6 3. Bc4 Bc5 4. d4 exd4 5. c3 Nge7 6. cxd4 Bb4+ 7. Nc3 Ng6 8.
a3 Bxc3+ 9. bxc3 O-O 10. O-O h6 11. Qc2 Kh8 12. d5 Nce5 13. Nxe5 Nxe5 14. Ba2
d6 15. Bb1 Qf6 16. f4 Ng6 17. c4 Qe7 18. Bb2 Re8 19. f5 Ne5 20. Ba2 f6 21. Qd1
b6 22. Rf4 Ba6 23. Rc1 Bb7 24. Rc3 Nf7 25. Rg3 Rg8 26. Rg6 Ng5 27. Rh4 Raf8 28.
Qg4 Nh7 29. Qg3 Bc8 30. Rhxh6 gxh6 31. Qh4 Rxg6 32. fxg6 Ng5 33. Qxh6+ Kg8 34.
Bb1 Qg7 35. Qh5 Qh8 36. Qe2 Qh6 37. e5 fxe5 38. g4 Nf3+ 0-1

[Event "Open Aubagne"]
[Site "Aubagne"]
[Date "2023.10.07"]
[Round "2.10"]
[White "Madi, Walid"]
[Black "Pouliquen, Gilbert"]
[Result "1-0"]
[WhiteElo "1333"]
[BlackElo "1171"]
[PlyCount "61"]
[WhiteTeam "C.E. Aubagnais"]
[BlackTeam "Ech. Marseillais 1872"]

1. d4 Nf6 2. c4 g6 3. Nc3 d5 4. Nf3 Bg7 5. Bg5 O-O 6. Bxf6 Bxf6 7. Nxd5 Bg7 8.
Nc3 Nc6 9. e3 Bg4 10. Be2 Rb8 11. a3 a6 12. O-O Na7 13. Rc1 Re8 14. h3 Bxf3 15.
Bxf3 b5 16. cxb5 axb5 17. Qb3 e6 18. Rfd1 Rb6 19. Ne4 Qe7 20. Nc5 Reb8 21. Qa2
b4 22. axb4 Rxb4 23. Qxa7 Qd8 24. Na6 R8b7 25. Bxb7 Rxb2 26. Bf3 Qh4 27. Rf1
Qd8 28. Rxc7 Qe8 29. Re7 Qf8 30. Bc6 Qc8 31. Re8+ 1-0

[Event "Open Aubagne"]
[Site "Aubagne"]
[Date "2023.10.07"]
[Round "2.11"]
[White "Touaoula, Rachid"]
[Black "Guelai, Belkacem"]
[Result "1-0"]
[WhiteElo "1503"]
[BlackElo "1199"]
[PlyCount "71"]
[WhiteTeam "Ech. Marseillais 1872"]
[BlackTeam "C.E. Aubagnais"]

1. c4 Nc6 2. Nc3 Nf6 3. g3 d5 4. cxd5 Nxd5 5. Bg2 Nxc3 6. bxc3 Bf5 7. e4 Be6 8.
Ne2 Bc4 9. d4 e5 10. d5 Qd6 11. dxc6 Qxc6 12. O-O Bd6 13. Be3 O-O-O 14. Qc2 Bc5
15. Bxc5 Qxc5 16. Rfe1 Bd3 17. Qb2 Qc4 18. Nc1 Rhf8 19. Nxd3 Qxd3 20. Rab1 b6
21. a4 Qc4 22. a5 Qc5 23. axb6 axb6 24. Ra1 Kb7 25. Qe2 b5 26. Reb1 c6 27. c4
Ra8 28. Rxa8 Rxa8 29. cxb5 Kc7 30. bxc6 Kxc6 31. Qb2 Ra7 32. Rc1 Qxc1+ 33.
Qxc1+ Kb5 34. Bf1+ Kb4 35. Qc4+ Ka5 36. Qb5# 1-0

[Event "Open Aubagne"]
[Site "Aubagne"]
[Date "2023.10.07"]
[Round "2.12"]
[White "Rival, None"]
[Black "Pretini, Augustin"]
[Result "1-0"]
[WhiteElo "1199"]
[BlackElo "1284"]
[PlyCount "85"]
[WhiteTeam "Ech. Marseillais 1872"]
[BlackTeam "C.E. Aubagnais"]

1. d4 Nf6 2. c4 g6 3. Nc3 Bg7 4. e4 d6 5. Nf3 O-O 6. Be2 Nc6 7. d5 Ne5 8. Nxe5
dxe5 9. O-O e6 10. f4 Ne8 11. fxe5 Bxe5 12. Bg4 Ng7 13. Be3 Qh4 14. g3 Qd8 15.
Bf3 c6 16. dxc6 Qxd1 17. Raxd1 bxc6 18. Rd3 Ba6 19. b3 Rad8 20. Rfd1 Rxd3 21.
Rxd3 Bf6 22. Na4 Rd8 23. Rxd8+ Bxd8 24. Bxa7 f5 25. exf5 Nxf5 26. Bxc6 e5 27.
Kf2 Nd4 28. Bxd4 exd4 29. Nc5 Bc8 30. Bd5+ Kg7 31. Ke2 Bf6 32. Be6 Be7 33. Bxc8
Bxc5 34. Kd3 Kf6 35. a3 Ke5 36. b4 Bb6 37. a4 Bd8 38. a5 Be7 39. a6 Bxb4 40. a7
h5 41. a8=Q g5 42. Qa6 Bc3 43. Qe6# 1-0